| 000 | 01106aam a2200289 a 4500 | ||
|---|---|---|---|
| 001 | 014777231 | ||
| 003 | Uk | ||
| 005 | 20161108133453.0 | ||
| 008 | 081001s2009 njua 000 0 eng d | ||
| 020 | _a0470442190 (pbk.) | ||
| 020 | _a9780470442197 (pbk.) | ||
| 082 | 0 | 0 |
_a332.10681 _222 _bFOU |
| 245 | 0 | 0 |
_aFoundations of Banking Risk : _ban Overview of Banking, Banking Risks, and Risk-Based Banking Regulation / _cby GARP (Global Association of Risk Professionals). |
| 260 |
_aHoboken, N.J. : _bWiley ; _aChichester : _bJohn Wiley [distributor], _c2009. |
||
| 300 |
_axiii, 249 p. : _bill. ; _c24 cm. |
||
| 490 | 0 | _aWiley finance | |
| 650 | 0 |
_aBanks and banking, International _xManagement. _932820 |
|
| 650 | 0 |
_aRisk management. _932821 |
|
| 650 | 0 |
_aBanks and banking, International _xLaw and legislation. _932822 |
|
| 653 |
_bBus _cMarch2013 |
||
| 690 | 7 |
_aManagement and Business Studies _2blcoll |
|
| 700 | 1 |
_aWent, Peter. _932825 |
|
| 710 | 2 |
_aGlobal Association of Risk Professionals. _932826 |
|
| 700 | 1 |
_932823 _aApostolik, Richard |
|
| 700 | 1 |
_932824 _aDonohue, Christopher |
|
| 942 |
_2ddc _cBB |
||
| 999 |
_c17354 _d17326 |
||